Manufacturing Processes and Systems / (Record no. 31533)
[ view plain ]
| 000 -LEADER | |
|---|---|
| fixed length control field | 01182pam a2200337 a 4500 |
| 001 - CONTROL NUMBER | |
| control field | 4000422 |
| 003 - CONTROL NUMBER IDENTIFIER | |
| control field | OSt |
| 005 - DATE AND TIME OF LATEST TRANSACTION | |
| control field | 20260408163940.0 |
| 008 - FIXED-LENGTH DATA ELEMENTS--GENERAL INFORMATION | |
| fixed length control field | 961024s1997 nyua b 001 0 eng |
| 010 ## - LIBRARY OF CONGRESS CONTROL NUMBER | |
| LC control number | 96047300 |
| 020 ## - INTERNATIONAL STANDARD BOOK NUMBER | |
| International Standard Book Number | 9788126518944 |
| 038 ## - RECORD CONTENT LICENSOR | |
| Staff Name | khadija |
| 040 ## - CATALOGING SOURCE | |
| Original cataloging agency | DLC |
| Transcribing agency | DLC |
| Modifying agency | DLC |
| 050 00 - LIBRARY OF CONGRESS CALL NUMBER | |
| Classification number | TS183 |
| Item number | .O88 1997 |
| 082 00 - DEWEY DECIMAL CLASSIFICATION NUMBER | |
| Classification number | 670 |
| Edition number | 21 |
| Author Mark | OST |
| 100 1# - MAIN ENTRY--PERSONAL NAME | |
| Personal name | Ostwald, Phillip F., |
| Dates associated with a name | 1931- |
| 9 (RLIN) | 35854 |
| 245 10 - TITLE STATEMENT | |
| Title | Manufacturing Processes and Systems / |
| Statement of responsibility, etc. | Phillip F. Ostwald, Jairo Muñoz. |
| 250 ## - EDITION STATEMENT | |
| Edition statement | 9th ed. |
| 260 ## - PUBLICATION, DISTRIBUTION, ETC. | |
| Place of publication, distribution, etc. | New York : |
| Name of publisher, distributor, etc. | John Wiley & Sons, |
| Date of publication, distribution, etc. | c1997. |
| 300 ## - PHYSICAL DESCRIPTION | |
| Extent | xvii, 782 p. : |
| Other physical details | ill. ; |
| Dimensions | 26 cm. |
| 504 ## - BIBLIOGRAPHY, ETC. NOTE | |
| Bibliography, etc. note | Includes bibliographical references (p. [762]) and index. |
| 563 ## - BINDING INFORMATION | |
| Binding note | Hard Back |
| 590 ## - LOCAL NOTE (RLIN) | |
| Local note | ..... |
| 650 #0 - SUBJECT ADDED ENTRY--TOPICAL TERM | |
| Topical term or geographic name entry element | Manufacturing processes. |
| 9 (RLIN) | 14649 |
| 700 1# - ADDED ENTRY--PERSONAL NAME | |
| Personal name | Muñoz, Jairo. |
| 9 (RLIN) | 86585 |
| 856 42 - ELECTRONIC LOCATION AND ACCESS | |
| Materials specified | Publisher description |
| Uniform Resource Identifier | <a href="http://www.loc.gov/catdir/description/wiley032/96047300.html">http://www.loc.gov/catdir/description/wiley032/96047300.html</a> |
| 856 41 - ELECTRONIC LOCATION AND ACCESS | |
| Materials specified | Table of contents |
| Uniform Resource Identifier | <a href="http://www.loc.gov/catdir/toc/wiley022/96047300.html">http://www.loc.gov/catdir/toc/wiley022/96047300.html</a> |
| 906 ## - LOCAL DATA ELEMENT F, LDF (RLIN) | |
| a | 7 |
| b | cbc |
| c | orignew |
| d | 1 |
| e | ocip |
| f | 19 |
| g | y-gencatlg |
| 942 ## - ADDED ENTRY ELEMENTS (KOHA) | |
| Source of classification or shelving scheme | |
| Koha item type | Book |
| Withdrawn status | Lost status | Source of classification or shelving scheme | Damaged status | Not for loan | Permanent Location | Current Location | Date acquired | Total Checkouts | Full call number | Barcode | Date last seen | Date last checked out | Price effective from | Koha item type | Shelving location |
|---|---|---|---|---|---|---|---|---|---|---|---|---|---|---|---|
| School of Mechanical & Manufacturing Engineering (SMME) | School of Mechanical & Manufacturing Engineering (SMME) | 06/25/2015 | 1 | 670 OST | SMME-54 | 04/05/2023 | 06/14/2021 | 06/25/2015 | Book | ||||||
| School of Mechanical & Manufacturing Engineering (SMME) | School of Mechanical & Manufacturing Engineering (SMME) | 07/13/2015 | 670 OST | SMME-494 | 03/28/2018 | 07/13/2015 | Book | General Stacks | |||||||
| US-Pakistan Center for Advanced Studies in Energy (USPCAS-E) | US-Pakistan Center for Advanced Studies in Energy (USPCAS-E) | 04/08/2026 | 670 OST 2010 | CAS-E0005733 | 04/08/2026 | 04/08/2026 | Book | ||||||||
| US-Pakistan Center for Advanced Studies in Energy (USPCAS-E) | US-Pakistan Center for Advanced Studies in Energy (USPCAS-E) | 04/08/2026 | 670 OST 2010 | CAS-E0005734 | 04/08/2026 | 04/08/2026 | Book |
